000 00673nam a22002297a 4500
003 OSt
005 20220107122719.0
008 130814b xxu||||| |||| 00| 0 eng d
020 _a9780387758886
040 _cIIITM-K
082 _a003 MEY/E.4
245 _aEncyclopedia of complexity and systems science.Vol.4.:
_cedited by Robert A Meyers
_bF-G
260 _aUSA,
_bSpringer,
_c2009.
300 _alxxvii, 4514p.
650 _aCOMPUTER SCIENCE
_91479
650 _aCOMPUTATIONAL COMPLEXITY
_91480
650 _aSYSTEMS SCIENCE
_91481
650 _aECOLOGICAL COMPLEXITY
_91482
650 _aGAME THEORY
_91483
700 _aMeyers, Robert A
_91484
942 _2ddc
_cRBK
999 _c3171
_d3171